| 000 | 01678cam a2200457 i 4500 | ||
|---|---|---|---|
| 999 |
_c1709 _d1709 |
||
| 001 | 387763 | ||
| 003 | OSt | ||
| 005 | 20230120134730.0 | ||
| 008 | 210712s2019 nyua j 000 1 eng d | ||
| 010 | _a2019937385 | ||
| 020 |
_a9780062868329 _q(pbk.) : |
||
| 040 |
_c. _dKH8 |
||
| 042 | _anbic | ||
| 082 | 0 | _a813.6 DEA | |
| 100 | 1 |
_aDean, Kim, _d1969- _eaut. |
|
| 245 | 1 | 0 |
_aPete the Kitty goes to the doctor / _cby Kimberly & James Dean. |
| 250 | _a1st ed. | ||
| 260 |
_aNew York, NY : _bHarper, an imprint of HarperCollinsPublishers, _cc2019. |
||
| 300 |
_a32 p. : _bcol. ill. ; _c24 cm. |
||
| 490 | 1 | _aPete the kitty. | |
| 490 | 1 | _aI can read! My first shared reading. | |
| 500 | _aIllustrations were rendered using watercolor, acrylic and ink. | ||
| 520 | _aWhen Pete the Kitty has a stomach ache, his dad decides that it is time to go to the doctor, but Pete is a little bit nervous about his first visit to the doctor. | ||
| 521 | 1 | _aAges 4-8. | |
| 563 | _aMarantz copy has original publisher's binding: paper covered boards with illustrations on front and back covers. | ||
| 650 | 0 |
_aCats _vJuvenile fiction. |
|
| 650 | 0 |
_aPhysicians _vJuvenile fiction. |
|
| 655 | 0 | _aReaders (Elementary) | |
| 655 | 7 |
_aFiction. _2fast. |
|
| 655 | 7 |
_aJuvenile works. _2fast. |
|
| 655 | 7 |
_aReaders (Elementary) _2fast. |
|
| 655 | 7 |
_aReaders (Publications) _2fast. |
|
| 655 | 7 |
_aReaders (Publications) _2lcgft. |
|
| 655 | 7 |
_aPaper case bindings. _2aat. |
|
| 655 | 7 |
_aIllustrated case bindings. _2aat. |
|
| 655 | 7 |
_aBook jackets. _2aat. |
|
| 700 | 1 |
_aDean, James, _d1957- _eaut, _eill. |
|
| 830 | 0 | _aPete the kitty. | |
| 830 | 0 | _aI can read book. | |
| 942 |
_2ddc _cNFIC |
||